Statistics for ♫ ME! Lyrics - Taylor Swift feat. Brendon Urie ♫

Click here to take the quiz!

General Stats

  • This quiz has been taken 509 times
  • The average score is 318 of 411

Answer Stats

Lyric% Correct
me
99%
Me-e-e
99%
me-e-e
99%
I
98%
you
97%
a
97%
You
97%
the
95%
that
92%
Like
92%
like
92%
on
91%
never
90%
no
89%
know
88%
of
87%
baby
86%
Baby
86%
one
85%
1
85%
I'm
85%
find
85%
another
84%
promise
84%
you'll
84%
when
83%
and
82%
And
82%
your
81%
is
81%
fun
80%
only
80%
love
78%
you're
76%
You're
76%
But
76%
there
74%
that's
74%
with
74%
we
74%
go
74%
to
73%
in
71%
guy
70%
jump
70%
rain
70%
it
69%
think
69%
phone
69%
not
68%
before
68%
want
68%
gonna
66%
lover
65%
things
65%
all
65%
ladies
64%
handful
64%
comes
64%
rainbow
64%
colors
63%
these
63%
kind
63%
alone
63%
psycho
63%
out
63%
others
62%
leave
62%
well
61%
ooh-ooh-ooh-ooh
60%
where
59%
enough
59%
doll
56%
spell
55%
uh
53%
follow
53%
went
52%
see
51%
nobody's
50%
my
50%
trouble's
50%
am
46%
what
46%
will
45%
about
45%
make
45%
team
44%
Girl
44%
just
44%
name
43%
get
43%
fight
42%
Spelling
42%
kids
42%
tend
41%
Hey
41%
called
40%
summer
39%
can't
38%
without
38%
had
38%
walk
38%
ran
37%
winter
36%
awesome
36%
away
36%
wanna
36%
after
36%
ain't
35%
Eeh-eeh-eeh
35%
bore
33%
Cause
32%
2
32%
3
31%
company
28%
keep
26%
Livin'
26%
Let
26%
Strike
23%
up
21%
band
20%

Score Distribution

Percentile by Number Answered

Percent of People with Each Score

Your Score History

You have not taken this quiz